000 01772nam a2200337 i 4500
001 000020590
003 DO-SdBNP
005 20240821135857.0
007 ta
008 091117s2007 dr 000 0 spa d
020 _z8489525234
040 _aDO-SdBNP
_bspa
_cBNPHU
_erda
082 4 _a349.7293
_bV422h, 2007
_222
100 1 _aVega B., Wenceslao,
_d1932-
_938670
_eautor
245 1 0 _aHistoria del derecho dominicano /
_cWenceslao Vega B.
250 _aSexta edición
264 _aSanto Domingo :
_bAmigo del Hogar,
_c2007.
300 _axii, 488 páginas ;
_c23 cm.
336 _2rdacontent
_atexto
_btxt
337 _2rdamedia
_asin mediación
_bn
338 _2rdacarrier
_avolumen
_bnc
500 _aIncluye datos biográficos del autor en la solapa de la cubierta.
500 _aIncluye referencias bibliográficas y notas al pie de las páginas.
500 _aIncluye índice analítico : páginas 441-486
504 _aBibliografía : páginas 435-440
505 0 _aIntroducción --
_gCapítulo 1 --
_tAntecedentes --
_gCapítulo 2 --
_tEl derecho castellano a fines del siglo XV --
_gCapítulo 3 --
_tEl derecho en la sociedad Taína en la Española --
_gCapítulo 4 --
_tEl derecho al descubrimiento --
_gCapítulo 5 --
_tEl primer derecho en la Isla Española --
_gCapítulo 6 --
_tLos primeros experimentos jurídicos --
_gCapítulo 7 --
_tEl derecho indiano dominicano --
_gCapítulo 8 --
_tEl derecho en los últimos años de la Colonia Española --
_gCapítulo 9 --
_tLa ocupación francesa --
_gCapítulo 10 --
_tEl segundo período español (1809-1821) --
_tLa primera independencia.
590 _aInventariado, 2020/YL
650 4 _aDerecho
_zRepública Dominicana
_xHistoria
_943316
910 _aVMateo /Validado. Control de calidad MFF
942 _2ddc
_cLBS1
999 _c20094
_d20094